[Event "Tata Steel Masters"]
[Site "?"]
[Date "2020.01.13"]
[Round "3.5"]
[White "Firouzja, Alireza"]
[Black "Artemiev, Vladislav"]
[Result "1-0"]
[WhiteElo "2723"]
[BlackElo "2731"]
[EventDate "2020.??.??"]
[Annotator "Bojkov,Dejan"]
[PlyCount "113"]
[Beauty "6601561867293"]
[EventType "swiss"]
[EventRounds "13"]

1.e4 c6 2.d4 d5 3.e5 Bf5 4.h4 h5 5.c4 e6 6.Nc3 Ne7 7.Nge2 Nd7 ( {Two years back Artemiev defended differently against Sutovsky:} 7...Bg4 8.Bg5 Qb6 9.c5 Qc7 10.f3 Bf5 11.Ng3 f6 12.Bf4 Nd7 13.exf6 Qxf4 14.Nce2 Qh6 {with a comfortable position for the second player, Sutovsky,E (2647)-Artemiev,V (2704) Poikovsky 2018} ) 8.Ng3 Bg6 9.Bg5 {This move came as a surprise for Black, who spent almost an hour on his next four moves!} 9...Qb6 10.Rc1 {Another move that caused deep thought by the Russian GM.} 10...dxc4 ( {Playing a risky move like} 10...Qxb2 {while facing heavy computer prep is borderline suicide.} ) 11.Bxc4 {Firouzja plays quite the opposite way: he practically blitzes his move.} 11...Nf5 ( {The computer suggests} 11...Qb4 {assuming that White will trade off the queens:} 12.Qb3 {but this scenario is not very likely.} ) ( {Here} 11...Qxb2 12.Bb3 {is even more dangerous for Black.} ) 12.O-O {The first quarter-of-hour on the clock for White. The interesting thing is that this has already been played...} 12...Be7 ( {White's pawn structure would become ugly in case of} 12...Nxg3 13.Na4 ( {Also possible is} 13.fxg3 Nxe5 $2 14.Na4 ) 13...Qc7 14.fxg3 {However, it is doubtful if the black king will live to see the day when these weaknesses will be used:} 14...Nb6 15.Nxb6 axb6 16.Qb3 {The major threats are Bc4xe6 and d4-d5! Black is in trouble.} ) 13.Nxf5 Bxf5 14.Bxe7 Kxe7 15.Qd2 Qd8 $146 {A novelty. However, Black's position is already highly suspicious. His king is stuck in the center and can be attacked by both sides.} ( {This whole line has already been played by the very same Sutovsky! That game went} 15...Rhd8 16.Na4 Qc7 17.Qg5+ Kf8 18.Qxh5 Kg8 19.Rfd1 Nb6 20.Nc5 Nxc4 21.Rxc4 Rd5 22.Qg5 {with advantage for White, Sutovsky,E (2673) -Muzychuk,M (2540) Gibraltar 2018} ) ( {Perhaps the lesser evil was} 15...Kf8 ) 16.Nd1 $1 {A nice maneuver. The knight on e3 will support the f-pawn advance.} ( {There was another way to attack, as suggested by the evil machine:} 16.Qf4 $5 Nb6 17.d5 $1 {Breakthrough!} 17...cxd5 18.Bxd5 Nxd5 19.Nxd5+ Qxd5 20.Rfd1 Qa5 21.b4 Qb6 22.Qg5+ Kf8 23.Rd6 {with total domination and a win!} ) 16...Nb6 17.Ne3 {"I am just much better I think," said Firouzja about this position.} 17...Kf8 {Artemiev is trying to hide his king as much as he can, but in doing so he allows the opening of the game.} ( {More resilient would have been} 17...Be4 18.f3 Bg6 ( {Rather than} 18...Bd5 19.Bxd5 Nxd5 20.Nxd5+ Qxd5 21.Qb4+ {where White wins material.} ) ) 18.Nxf5 exf5 ( {There is no time to destroy the strong bishop:} 18...Nxc4 19.Qb4+ $1 ) 19.Bb3 Qxh4 20.Rfe1 {The threat is stronger than the execution...} ( 20.e6 $5 {at once would have been great too.} ) 20...Rh6 ( {After:} 20...Qe7 21.e6 f6 {White can open a third front on the queenside:} 22.a4 $1 ) 21.e6 $1 {An open file and a diagonal, that is all the Iranian GM needs for a decisive attack.} 21...fxe6 22.Bxe6 Re8 {A sad necessity. Black needs to give back the pawn.} ( {These two short lines prove how strong White's attack is:} 22...Qf6 23.Re5 $1 ) ( {And} 22...Rf6 23.Qb4+ $1 {win on the spot.} ) 23.Bxf5 Rxe1+ ( {If:} 23...Rd6 24.Qa5 Rxe1+ 25.Rxe1 Qxd4 26.Qxa7 {would let the white queen in via a different route.} ) 24.Rxe1 Qd8 25.Qd3 {Black's position is in ruins. Firouzja quickly creates decisive threats.} 25...Kf7 26.Qf3 $1 {A cruel ambush.} 26...Qf6 ( {There is no safe shelter for the monarch:} 26...Kg8 27.Be6+ Kh7 28.Qf5+ Kh8 29.Bf7 ) 27.Qb3+ Kf8 28.Qa3+ Qd6 29.Qe3 ( {Or even better:} 29.Qf3 Qf6 30.Qf4 $1 ) 29...Qd8 30.Qe4 Rf6 ( {Black would be happy to cement the position with his knight:} 30...Nd5 31.Bg6 Nf6 {The problem is that after} 32.Qf5 {he can barely move.} ) 31.Bg6 Kg8 32.Qh4 Qd5 33.Re8+ Rf8 34.Qe7 {All perfect, the end is close.} 34...Nd7 35.Bc2 $1 {The decisive reinforcement. It was only the magic number forty that kept Artemiev still in the game for a while.} 35...Qxd4 36.Rxf8+ {In a situation where "many roads lead to Rome" one needs to concentrate and calculate one of them thoroughly.} ( 36.Qe6+ {A beautiful and convincing win would have been} 36...Kh8 37.Qf5 $1 ) 36...Nxf8 37.Bb3+ Kh7 38.Qxf8 Qxb2 39.Bg8+ ( {Better was to centralize the queen with} 39.Qg8+ Kh6 40.Qh8+ Kg6 41.Qe8+ Kh6 42.Qe3+ ) 39...Kh6 40.Qf4+ g5 41.Qd6+ {Time-trouble is over. Firouzja improves his troops and wraps up the game.} 41...Kg7 42.Bb3 Qa1+ 43.Kh2 Qf6 44.Qxf6+ Kxf6 45.Kg3 b5 46.Bd1 h4+ 47.Kg4 c5 48.f4 gxf4 49.Kxf4 Ke6 ( {The last chance to play for "a wrong corner" with} 49...h3 50.gxh3 c4 51.Ke4 b4 52.Kd4 b3 {is refuted by} 53.Bxb3 $1 {which keeps the future queen alive.} ) 50.Kg4 a5 51.Kxh4 a4 52.g4 c4 53.g5 a3 54.Be2 Kf5 55.Kh5 Ke4 56.g6 c3 57.Bd1 1-0

[Event "Tata Steel Masters"]
[Site "?"]
[Date "2020.01.17"]
[Round "6.2"]
[White "Giri, Anish"]
[Black "Kovalev, Vladislav"]
[Result "1-0"]
[WhiteElo "2768"]
[BlackElo "2660"]
[EventDate "2020.??.??"]
[Annotator "Bojkov,Dejan"]
[PlyCount "101"]
[Beauty "6945364779610"]
[EventType "swiss"]
[EventRounds "13"]

1.e4 e5 2.Nf3 Nc6 3.Bc4 Bc5 4.c3 Nf6 5.d3 d6 6.Bg5 h6 7.Bh4 a6 8.Nbd2 ( {The alternative is} 8.a4 Ba7 9.Nbd2 Qe7 10.b4 {1/2-1/2 (10) Yu,Y (2738) -Andreikin,D (2724) Moscow 2019} ) 8...Ba7 9.O-O O-O 10.a4 g5 11.Bg3 {The early sortie of this bishop is a double-edged sword. It might do a great job pinning the opponent's knight, but it may end up excluded from the game. At the same time, in order to force the bishop out of the game Black needs to advance the pawns in front of his king, thus exposing it.} 11...Kg7 12.Re1 {White wants to free his bishop with brute force. The push d3-d4 followed by e4-e5 is a threat.} 12...Nh7 13.b4 h5 14.h3 h4 15.Bh2 g4 16.hxg4 Bxg4 ( {It would be interesting to see what Giri prepared against the computer recommendation} 16...Nf6 {which in fact was played last year in the following game:} 17.g5 Ng4 18.Re2 f6 19.b5 Ne7 20.gxf6+ Rxf6 {Duda,J (2731)-Nakamura,H (2749) Saint Louis 2019} ) 17.b5 Ne7 18.d4 {Now the pressure is all over the board.} 18...Ng6 ( {Kovalev cannot win the pawn easily:} 18...exd4 19.cxd4 Bxd4 {as} 20.bxa6 bxa6 21.Qc1 $1 {highlights the weakness of his king in the line} 21...Bxa1 22.Qxa1+ Kg8 23.Nxh4 ) 19.bxa6 $146 {Giri comes well armed for the encounter and produces a novelty.} ( {Instead, an earlier game ended peacefully after} 19.Be2 Qf6 20.bxa6 bxa6 21.Kh1 Nf4 {1/2-1/2 (21) Anand,V (2757) -Nakamura,H (2741) Kolkata 2019} ) 19...bxa6 20.Nf1 exd4 {Optimistic play by Kovalev.} ( {However, slow measures like} 20...Qf6 21.Ne3 Bxf3 22.gxf3 {followed by Ne3-f5 do not fully solve Black's problems.} ) 21.cxd4 Bxf3 22.gxf3 f5 {This was Black's point. However, it will quickly transpire that this is rather weakening the black king.} ( {Kovalev should have tried to patiently repel the opponent's initiative with} 22...Qf6 23.Ne3 Kh8 24.Nf5 Rg8 25.Kh1 Ne7 ) 23.Ne3 fxe4 24.fxe4 Qg5+ 25.Kh1 Rxf2 26.Nf5+ {The most obvious move, which promises White some edge.} ( {But there were two serious alternatives:} 26.Bg1 $1 {was strong with the major point to transfer the bishop on an excellent diagonal after} 26...Rff8 27.Nf5+ Kh8 28.Be3 {with a crushing attack.} ) ( 26.Ra2 $5 {also made sense, depriving Black of his active rook:} 26...Rxa2 27.Bxa2 {also with an edge for the first player.} ) 26...Kh8 27.Rg1 Rxh2+ $1 {It is a good moment to swap off some of the dangerous white attackers.} 28.Kxh2 Qf4+ 29.Kh3 $1 {The only move.} 29...Ng5+ ( {Not} 29...Qxe4 $2 30.Qg4 ) 30.Rxg5 Qxg5 31.Qg1 $1 {Another only, but effective move.} 31...Nf4+ 32.Kh2 Qxg1+ 33.Rxg1 {It seems as Black is out of danger, but Giri's initiative persists in the endgame. How to defend against the rook lift to g4 and the mating threat?} 33...d5 {Not the best.} ( {Ideally, Black should be looking for an opposite-colored bishop endgame, therefore the line} 33...Rb8 34.Rg4 Rb2+ 35.Kg1 Ne2+ 36.Kf1 Ng3+ 37.Ke1 Nxf5 38.exf5 {should have been preferred. Then} 38...d5 $1 39.Bxd5 Rb6 40.Rxh4+ Kg7 {leaves Black with excellent drawing chances, despite the missing pawn.} ) 34.Bxd5 Nxd5 35.exd5 Re8 ( {Apparently, Kovalev was afraid of the pure minor piece endgame after} 35...Rg8 36.Rxg8+ ( {rather than} 36.Re1 Rg4 ) 36...Kxg8 37.Kh3 {a similar endgame will happen later in the game.} ) 36.Kh3 ( 36.Rg4 $1 {would have prevented any active moves by the black rook, but White is apparently not afraid of the rook swap either.} ) 36...Bb6 {Now Black is lost.} ( {No matter how bad the endgame is after} 36...Re4 37.Rg4 Rxg4 38.Kxg4 Kh7 39.Kxh4 Kg6 40.Kg4 Bb6 {Kovalev should have tried it. It is not that easy to prove the win, for example the obvious idea} 41.Ne7+ Kf6 42.Nc6 {intending a4-a5 does not win concretely due to} 42...Bxd4 $3 43.Nxd4 Ke5 44.Ne6 Kxd5 45.Nxc7+ Kc4 {and Black is in time to demolish the last white pawn:} 46.Nxa6 Kb3 47.Nc5+ Kb4 ) 37.Kxh4 Rd8 38.Rg5 Kh7 39.Rh5+ Kg6 40.Ne7+ $1 {A nice maneuver which completely paralyzes the black bishop.} 40...Kf6 41.Nc6 Re8 42.Re5 Rh8+ 43.Kg4 a5 44.Rf5+ Kg6 {This loses by force, but it is hard to offer Kovalev good advice.} ( {After} 44...Kg7 {White could go for the forcing line} 45.d6 ( {or improve first with} 45.Kg5 ) 45...cxd6 46.Rb5 Bd8 47.Rb8 Rh4+ 48.Kf5 Rh5+ 49.Ke6 Rh6+ 50.Kd7 {with a win.} ) 45.Ne5+ Kg7 46.Rg5+ Kh7 47.Rh5+ Kg7 48.Rxh8 Kxh8 49.Nc4 $1 Kg7 ( {Since} 49...Bxd4 50.Nxa5 {loses automatically after Na5-c6 and the a-pawn advance.} ) 50.Kf5 Kf7 51.d6 $1 ( 51.d6 {Black resigned due to} 51...Ke8 52.Nxb6 cxb6 53.Ke6 Kd8 54.d7 b5 55.axb5 a4 56.b6 a3 57.b7 a2 58.b8=Q# ) 1-0

[Event "Tata Steel Masters"]
[Site "?"]
[Date "2020.01.21"]
[Round "9.1"]
[White "Firouzja, Alireza"]
[Black "Carlsen, Magnus"]
[Result "0-1"]
[WhiteElo "2723"]
[BlackElo "2872"]
[EventDate "2020.??.??"]
[Annotator "Bojkov,Dejan"]
[PlyCount "78"]
[Beauty "7698460442655"]
[EventType "swiss"]
[EventRounds "13"]

1.e4 e5 2.Nf3 Nc6 3.Bb5 Nf6 {Carlsen follows the golden rule of the experienced player: "an endgame with the youth."} 4.d3 {But the Berlin Endgame is rejected.} 4...d6 5.c3 a6 6.Ba4 Be7 7.O-O O-O 8.Re1 Re8 9.Nbd2 Bf8 10.h3 b5 11.Bc2 Bb7 12.d4 g6 {Slowly the game shifted into the Zaitsev line.} 13.a3 ( {Last year's Wijk witnessed the following game:} 13.b3 d5 14.Bb2 exd4 15.cxd4 Nb4 16.e5 Nh5 17.a3 Nxc2 18.Qxc2 Nf4 19.b4 a5 20.Bc3 axb4 21.axb4 Rxa1 22.Rxa1 Bc8 {L'Ami,E (2643)-Gledura,B (2615) Wijk aan Zee 2019} ) 13...Nb8 {The knight is moving to a better position, \E0 la Breyer, in order to free the light-squared bishop.} 14.d5 c6 15.c4 Nbd7 {Black is doing fine out of the opening. Firouzja's next move is a novelty.} 16.a4 $146 ( {Black also did well in an earlier game:} 16.b4 Nb6 17.dxc6 Bxc6 18.cxb5 axb5 19.Bb3 Bg7 20.Ra2 d5 21.exd5 Nfxd5 {Shadrina,T (2416)-Kosintseva,T (2497) St Petersburg 2009} ) 16...Qc7 {Carlsen builds up more pressure, threatening to open the files at a good moment.} 17.b3 {The first major thought by the youngster.} ( {He was probably considering to release the pressure with} 17.dxc6 Bxc6 18.axb5 axb5 19.Rxa8 Rxa8 20.cxb5 Bxb5 21.Nb1 $5 {when White can try to control the center, but} 21...Qb7 22.Nc3 Bc6 {promises Black the better control when the b2 pawn might easily become vulnerable.} ) 17...Rec8 18.Ra2 ( {More natural seems} 18.Bb1 bxc4 19.bxc4 {Althoguh Black is more than fine after} 19...Nc5 ( {Or as in the game:} 19...a5 $5 ) ) 18...bxc4 19.bxc4 a5 20.Nf1 {Strangely enough, this is a mistake. The knight cannot find good position for itself on the kingside.} ( {Correct was} 20.Nb1 $1 {anticipating} 20...Ba6 21.Na3 cxd5 22.cxd5 Rab8 23.Bd2 ) 20...Ba6 21.Ne3 ( {Black is better after} 21.N3d2 Rab8 22.Ne3 cxd5 23.cxd5 Qc3 ) 21...Nc5 {Simply bringing more pieces into the game.} ( {The same could have been done with} 21...Rab8 22.dxc6 Qxc6 23.Nd2 Bh6 ) 22.Nd2 {Firouzja hesitates and this makes his position even worse. Carlsen still has pieces to bring out and improve his situation further.} ( {It made sense to open some room for his piecs with} 22.dxc6 Qxc6 23.Nd5 Ncd7 24.Nd2 {Then comes} 24...Bxc4 ( {However, Black can preserve the advantage with} 24...Rab8 $1 ) 25.Nxc4 Qxc4 26.Nxf6+ Nxf6 27.Bb3 {promises White ample compensation along the light squares.} ) 22...cxd5 23.cxd5 Rab8 24.Ba3 Qd8 {Brings the queen to a better position too.} ( 24...Nh5 $5 {made a lot of sense too.} ) 25.Qf3 h5 {The bishop's turn it is.} 26.Raa1 Bh6 27.Rab1 ( {Or} 27.Rec1 Kg7 {followed by h5-h4 and Bh6-f4 at a good moment.} ) 27...Rxb1 $1 {The world champion is OK to trade, but just one rook. The other one will have a career soon.} 28.Rxb1 Kg7 ( 28...Bf4 $5 {was not bad either.} ) 29.Nef1 {White's position gets worse by the move, but it is difficult to give him an advise.} ( {Still, better was} 29.Ndf1 {with the idea to meet} 29...h4 30.Ng4 ) 29...h4 30.Ne3 Bf4 31.Nef1 ( {Or} 31.Ndf1 Nd3 $1 {leading to a quick collapse.} ) 31...Qc7 ( 31...Nh7 $1 {would be great too.} ) 32.g3 {After this, the game is quickly over.} ( {But} 32.Re1 {should not have saved White either, because of} 32...Nh7 $1 ( {or} 32...Nb7 $1 33.Bd3 Bxd3 34.Qxd3 Qc3 ) ) 32...hxg3 33.fxg3 Bh6 34.h4 ( {If} 34.Kg2 Qa7 $1 {would activate the black queen.} ) 34...Qd7 {Simply winning a pawn. Carlsen's play was amazingly simple and effective!} 35.Kg2 Nxa4 36.Bxa4 Qxa4 37.Bxd6 Qd4 38.Qf2 ( {Or} 38.Nb3 Rc2+ ) 38...Qxf2+ 39.Kxf2 Bxf1 ( 39...Bxf1 {Firouzja resigned due to the line} 40.Kxf1 Bxd2 41.Bxe5 Bc3 42.Rc1 Bxe5 43.Rxc8 Bxg3 ) 0-1

[Event "Tata Steel Masters"]
[Site "?"]
[Date "2020.01.22"]
[Round "10.5"]
[White "Caruana, Fabiano"]
[Black "Firouzja, Alireza"]
[Result "1-0"]
[WhiteElo "2822"]
[BlackElo "2723"]
[EventDate "2020.??.??"]
[Annotator "Bojkov,Dejan"]
[PlyCount "95"]
[Beauty "7148973099587"]
[EventType "swiss"]
[EventRounds "13"]

1.d4 Nf6 2.c4 g6 3.Nc3 Bg7 4.e4 d6 5.h3 O-O 6.Be3 Nc6 {A provocative move, in the spirit of the game Letelier-Fischer.} ( {Black did not experience any problems recently in another line:} 6...c6 7.Bd3 Na6 8.e5 Nd7 9.f4 c5 10.Nf3 cxd4 11.Bxd4 dxe5 12.fxe5 Nac5 13.Be4 Ne6 14.Be3 Nxe5 15.Nxe5 Bxe5 {Salem,A (2675)-Amin,B (2683) Moscow 2019} ) 7.d5 Ne5 8.f4 Ned7 9.g4 {A very unusual position arose. White has advanced six out of his eight pawn, whereas Black has only two of them moved, just modestly a half-move through. However, since Firouzja has developed most of his pieces and castled he can hope to undermine the center nicely.} 9...c6 10.Nf3 cxd5 11.cxd5 b6 $146 {Black is blitzing out a novelty. Firouzja is not afraid to weaken the c6 square.} ( {An extremely sharp, double-edged position arose in an earlier game after} 11...Nc5 12.Bxc5 dxc5 13.e5 Nd7 14.Qc2 Qa5 15.Nd2 Nb6 16.a3 Nd7 17.O-O-O a6 18.Bg2 Rb8 19.d6 e6 20.h4 b5 21.h5 b4 {Jones,G (2662)-Pavlidis,A (2546) Heraklio 2017} ) 12.Nd4 Nc5 {The point.} ( {After} 12...Bb7 13.Bg2 Nc5 14.O-O {White consolidates and enjoys a strong center and a space advantage for free.} ) 13.Qf3 $1 {A wise decision. It also came as a surprise for Caruana's younger opponent. On his next two moves Black spent almost half an hour.} ( {Here} 13.Bg2 Ba6 {would obstruct the white castling.} ) ( {Apparently, Black spent most of his time analyzing the lines after the obvious} 13.Nc6 Qc7 ( {Or even} 13...Qe8 {Intending e7-e6!} ) ) 13...Bb7 14.g5 Nfxe4 $1 {But found a good continuation. There is nothing else. If Firouzja does not use his temporary development advantage it will disappear.} 15.Nxe4 Bxd5 16.Nf6+ exf6 17.Qxd5 Re8 18.Nc2 {Best.} ( {Since} 18.Qf3 Qe7 19.Nc2 fxg5 20.O-O-O {simply decentralized the white queen in comparison to the game.} ) ( {Whereas} 18.Kf2 $2 fxg5 19.fxg5 Re5 {leaves the white king exposed in the middle of the board.} ) 18...fxg5 19.O-O-O gxf4 20.Bd4 $1 {An important move. Caruana swaps off the opponent's most dangerous piece.} ( {The pawn was invincible due to} 20.Bxf4 $4 Qf6 21.Qd4 Qh4 ( {Or even better:} 21...Qf5 22.Qxd6 Ne4 $1 ) 22.Qb4 Re4 {with a win.} ) 20...Bxd4 ( 20...Rc8 {would be met with} 21.Kb1 ) ( {Whereas} 20...Ne6 21.Bxg7 Kxg7 22.Bb5 $1 ( 22.Kb1 ) ( 22.Qxd6 Qf6 23.Bb5 ) 22...Rf8 23.Nd4 $1 {would be better for White.} ) 21.Qxd4 Ne6 22.Qd2 ( {Avoiding the obvious} 22.Qxd6 Qf6 $1 23.Bg2 $2 f3 $1 {when the black pieces are too active.} ) 22...Qf6 23.Kb1 {Finally White consolidated. Technically speaking, the material slightly favors Black. However, since the pawns are not moving easily it looks easier for the pieces to maneuver and occupy good squares.} 23...Rac8 24.Bb5 Red8 25.Nb4 d5 $1 {Of course! The knight should not be allowed this fantastic outpost for free.} 26.Rhf1 ( {White avoids the cunning trap} 26.Nxd5 $2 Qf5+ 27.Ka1 Rxd5 28.Qxd5 Rc1+ $1 ) 26...Rc5 27.a4 {Consolidating even more.} 27...d4 {Probably Firouzja's first inaccuracy in the game.} ( {There was the tricky maneuver to activate the rook with} 27...a5 28.Nd3 Rc4 $5 29.Qf2 Rd4 ) ( {However even better seems} 27...h5 $5 28.Qf2 g5 ) 28.Nd3 Rf5 29.Rf3 g5 30.Rg1 Kf8 ( {Here too:} 30...h5 $1 {was needed, although the point was not obvious at all. It is hidden in the line} 31.Bc4 ( {And obviously not} 31.h4 g4 ) 31...Rf8 $3 32.Bxe6 fxe6 {suddenly defending the f4 pawn.} ) 31.h4 $1 {Caruana grasps his chance to open the enemy king.} 31...h6 32.hxg5 hxg5 33.Rh3 ( 33.Bc4 $5 {looked good too.} ) 33...f3 34.Bc4 Ke7 ( {The pawns lack support to move forward:} 34...f2 35.Rf1 g4 36.Rg3 ) 35.Bxe6 $1 {One more precise exchange. Caruana mainly outplayed his opponent today in the art of trading.} 35...Kxe6 ( 35...Qxe6 36.Re1 {loses obviously.} ) ( {However} 35...fxe6 36.Rh7+ Ke8 37.Qh2 $1 {Also leads to a decisive attack for White after, say} 37...f2 38.Rf1 g4 39.Qc7 ) 36.Qh2 $1 {A neat move that creates the threat of Rh3-h6 and deprives the black king of a safe haven.} ( 36.Re1+ Kd7 37.Qh2 f2 {would not be as clear.} ) 36...f2 37.Rf1 Kd7 38.Rh6 Qe7 39.Rxf2 Rxf2 40.Qxf2 Kc8 41.a5 $1 {The final blow. The brave pawn opens the road for the witty knight and once that it gets an access to the black king the attack quickly decides.} 41...bxa5 ( {Firouzja would have also lost after} 41...Rd6 42.Qc2+ Kd7 43.Qa4+ Kc8 44.axb6 $1 Rxb6 45.Qc4+ Qc7 46.Rh8+ {followed by Nd3-c5+} ) 42.Qc2+ Kb8 43.Nc5 Rd6 44.Rh8+ Rd8 45.Qb3+ Kc7 46.Qb7+ Kd6 47.Rh6+ f6 48.Ne4+ ( {Even more accurate than} 48.Rxf6+ Qxf6 49.Ne4+ {which of course should also suffice.} ) 1-0